1252 1698 1237 1422 1543 1084 1038 1126 1794 1714 1588 1313 1028 1369 1491 1597 1310 1187 1695 1228 1731 1120 1846 1712 1280 1611 1965 1267 1957 1646 1683 1191 1538 1540 1989 1470 1080 1489 1836 1567 1626 1986 1102 1584 1889 1507 1473 1564 1076 1242 1874 1784 1303 1881 1474 1255 1626 1690 1493 1787 1505 1954 1991 1989 1622 1131 1945 1449 1188 1386 1778 1762 1882 1130 1727 1756 1210 1209 1226 1267 1429 1344 1313 1620 1123 1164 1647 1304 1378 1903 1352 1336 1367 1763 1744 1441 1428 1546 1578 BCNSPRNW ULIB Ver.6.0+V

เปลี่ยนเป็นภาษาไทย

Change to English
 แสดงรายละเอียดบรรณานุกรม
  กลับหน้าหลัก

Brief Record : Get Marc (ISO 2709) : E-mail record : QR code < ปิดหน้าต่าง
LEADER : 00000nam 2200000uu 4500
001    13399122456
003     ULIB
008    020711s2553 th a 000 0 tha d
020    ^a9786160800568
082 04 ^a
090    ^aรส.^ba826ช
100    ^aAlexandre Dumas
245    ^aชีวิตพลิกผันของเคานต์แห่งมองเต กรสโต /^cAlexandre Dumas
260    ^aกรุงเทพฯ :^bซีเอ็ด,^c2553
300    109 หน้า
500    ชุดอ่านอังกฤษ เก่งอังกฤษ
501    Stage 2
945    ^p130^l0^i028961
999 ^a ทศพร
รายการนี้ยังไม่มีแท็ก
คุณยังไม่ได้ล็อกอิน คุณสามารถมีกิจกรรมร่วมกับเว็บไซต์ได้ แต่ต้องล็อกอินก่อน ::
  ล็อกอิน

รายการสื่อสารสนเทศ

ลำดับที่ ประเภท เลขเรียก/บาร์โค้ด สถานที่ สถานะ
1. นวนิยาย
นวนิยาย
รส. a826ช ฉ.1 
  Barcode: 028961
ห้องสมุดวิทยาเขตสวรรค์ประชารักษ์
►นวนิยาย
บนชั้น
  ขอยืม

BibComment


ยังไม่เคยถูกคอมเมนท์

คอมเมนท์ทรัพยากรรายการนี้
  คอมเมนท์: ชีวิตพลิกผันของเ..


 Copyright 2026. Bcnsprnw @Library